00630nam a2200193 a 450000100060000000300090000600800410001502000150005604000280007108200140009911000390011324500720015226000600022430000100028465000360029465000530033065000270038365000260041012621CO-ViMGA141112s2004 ck r 000 u spa d a9589362257 aCO-ViMGAbspacCO-ViMGA04a371.3 H83 aFundación Antonio Restrepo Barco10aHuellas de Educación en Tecnología : bExperiencias de maestros aBogotá : bMinisterio de Educación Nacional, c1996 a194p.14aAHORRO - ENSAYOS - CONFERENCIAS14aeducación TECNOLOGICA - ENSAYOS - CONFERENCIAS14aENSAYOS - CONFERENCIAS14aSANEAMIENTO AMBIENTAL